BIBLIOTECA PODER JUDICIAL
Portal Judicial TDF

Proyectiles expansivos ¿su utilización representa un exceso en la legítima defensa? / (Registro nro. 5554)

000 -LEADER
fixed length control field 01258nab a22002657a 4500
003 - CONTROL NUMBER IDENTIFIER
control field OSt
005 - DATE AND TIME OF LATEST TRANSACTION
control field 20251218075957.0
008 - FIXED-LENGTH DATA ELEMENTS--GENERAL INFORMATION
fixed length control field 190429b xxu||||| |||| 00| 0 spa d
040 ## - CATALOGING SOURCE
Transcribing agency PJ
100 ## - MAIN ENTRY--PERSONAL NAME
9 (RLIN) 6280
Personal name Palma, Mariano
245 10 - TITLE STATEMENT
Title Proyectiles expansivos ¿su utilización representa un exceso en la legítima defensa? /
Statement of responsibility, etc Mariano Palma.
260 ## - PUBLICATION, DISTRIBUTION, ETC. (IMPRINT)
Date of publication, distribution, etc Ciudad Autónoma de Buenos Aires :
Place of publication, distribution, etc Thomson Reuters La Ley,
Name of publisher, distributor, etc 2025.
300 ## - PHYSICAL DESCRIPTION
Extent p. 37-42
500 ## - GENERAL NOTE
General note Cita: TR LALEY AR/DOC/401/2025
505 ## - FORMATTED CONTENTS NOTE
Formatted contents note Sumario: I. Introducción.— II. ¿Qué establece la reglamentación al respecto?— III. El principio de seguridad.— IV. Legítima defensa.— V. ¿Existe un exceso en la legítima defensa?— VI. Conclusión.
505 ## - FORMATTED CONTENTS NOTE
Title Si te interesa el texto completo, solicitalo a koha@justierradelfuego.gov.ar
650 #0 - SUBJECT ADDED ENTRY--TOPICAL TERM
9 (RLIN) 343
Topical term or geographic name as entry element DERECHO PENAL
650 #0 - SUBJECT ADDED ENTRY--TOPICAL TERM
9 (RLIN) 2793
Topical term or geographic name as entry element LEGÍTIMA DEFENSA
650 #0 - SUBJECT ADDED ENTRY--TOPICAL TERM
9 (RLIN) 4805
Topical term or geographic name as entry element EXCESO EN LA LEGITIMA DEFENSA
650 #0 - SUBJECT ADDED ENTRY--TOPICAL TERM
9 (RLIN) 2794
Topical term or geographic name as entry element ARMA DE FUEGO
650 #0 - SUBJECT ADDED ENTRY--TOPICAL TERM
9 (RLIN) 4885
Topical term or geographic name as entry element DERECHOS DE LA VÍCTIMA
650 #0 - SUBJECT ADDED ENTRY--TOPICAL TERM
9 (RLIN) 1215
Topical term or geographic name as entry element RESPONSABILIDAD DEL ESTADO
773 0# - HOST ITEM ENTRY
Host Biblionumber 2658
Host Itemnumber 3164
Title Revista de derecho penal y criminología. Nº 3 - Abril 2025
Place, publisher, and date of publication Ciudad Autónoma de Buenos Aires : Thomson Reuters La Ley, 2017-
International Standard Serial Number 00347914
942 ## - ADDED ENTRY ELEMENTS (KOHA)
Source of classification or shelving scheme
Koha item type Analítica Artículo de Revista

No hay ítems disponibles.

12 de Octubre 789 Ushuaia - Tel:  54(02901)441571
Horario de Atención: 8.00 a 17.00 hs. 
bibliotecaush@justierradelfuego.gov.ar
koha@justierradelfuego.gov.ar
Seguinos en nuestras redes @bibliojustdf 

Con tecnología Koha